Nghiên cứu tách ion Pb2+ trong dung dịch nước bằng vật liêụ hấp phụ xenlulo chiết tách từ vỏ quả sầu riêng.
Khảo sát các điều kiện tối ưu : khối lượng NaOH, thời gian nấu, nhiệt độ nấu trong quá trình chiết xenlulo từ vỏ quả sầu riêng. Sử dụng các điều kiện tối ưu để chiết xenlulo từ vỏ quả sầu riêng. Khảo sát, tìm các điều kiện như : thời gian cân bằng, pH, tải trọng hấp phụ cực đại ảnh hưởng đến quá trì...
Kaydedildi:
| Yazar: | |
|---|---|
| Diğer Yazarlar: | |
| Materyal Türü: | Kitap |
| Baskı/Yayın Bilgisi: |
Đà Nẵng
Đại học Sư phạm, Đại học Đà Nẵng
2012
|
| Konular: | |
| Etiketler: |
Etiketle
Etiket eklenmemiş, İlk siz ekleyin!
|
| Thư viện lưu trữ: | Mạng thư viện Đại học Đà Nẵng |
|---|
| LEADER | 02202nam a2200337 4500 | ||
|---|---|---|---|
| 001 | 000017551 | ||
| 003 | 13970 | ||
| 005 | 20130510100515.0 | ||
| 008 | 130424s2012 sd | ||
| 082 | |a 664.8046 |b LÊ-T | ||
| 100 | 1 | |a Lê Hà Thị Ngọc Thanh | |
| 245 | |a Nghiên cứu tách ion Pb2+ trong dung dịch nước bằng vật liêụ hấp phụ xenlulo chiết tách từ vỏ quả sầu riêng. |c Lê Hà Thị Ngọc Thanh ; Lê Tự Hải hướng dẫn |k Khóa luận tốt nghiệp | ||
| 260 | |a Đà Nẵng |b Đại học Sư phạm, Đại học Đà Nẵng |c 2012 | ||
| 300 | |a 35 tr. |b Hình mh. |c 29 cm. |e Đĩa CD, bản tóm tắt | ||
| 500 | |a Khóa luận tốt nghiệp đại học. Chuyên ngành: Cử nhân Phân tích - Môi trường | ||
| 504 | |a Mục lục đầu trang, tài liệu tham khảo tr. 73 - 74, phụ lục [13 tr.] | ||
| 520 | |a Khảo sát các điều kiện tối ưu : khối lượng NaOH, thời gian nấu, nhiệt độ nấu trong quá trình chiết xenlulo từ vỏ quả sầu riêng. Sử dụng các điều kiện tối ưu để chiết xenlulo từ vỏ quả sầu riêng. Khảo sát, tìm các điều kiện như : thời gian cân bằng, pH, tải trọng hấp phụ cực đại ảnh hưởng đến quá trình tách Pb2+ trong dung dịch nước của xenlulo. Thử khả năng giải hấp, tái sử dụng của vật liệu hấp phụ xenlulo. | ||
| 600 | 1 | 4 | |b Vua |c Đinh Tiên Hoàng |
| 650 | 0 | 4 | |a Vỏ quả sầu riêng |a Xenlulo |v Khóa luận tốt nghiệp |x Chiết tách |x Nghiên cứu |
| 653 | |a Xenlulo |a Khoa Hóa học |a Chiết tách |a Vỏ quả sầu riêng |a Ion Pb2+ | ||
| 700 | |a Lê Tự Hải |c PGS.TS |e Hướng dẫn | ||
| OWN | |a LSP | ||
| AVA | |a UDN50 |b LSP |d 664.8046 LÊ-T |e available |t Error 5001 Not defined in file expand_doc_bib_avail. |f 1 |g 0 |h N |i 0 |k 1 | ||
| 999 | |a From the UDN01 | ||
| AVA | |a UDN50 |b LSP |d 664.8046 LÊ-T |e available |t Error 5001 Not defined in file expand_doc_bib_avail. |f 1 |g 0 |h N |i 0 |k 1 | ||
| TYP | |a Monograph | ||
| TYP | |a Printed language | ||
| 980 | |a Mạng thư viện Đại học Đà Nẵng | ||